Vergi özel hukuku/ (Record no. 5732)

MARC details
000 -BAŞLIK
Sabit Uzunlukta Kontrol Alanı 00752na a2200253 4500
999 ## - SİSTEM KONTROL NUMARALARI (KOHA)
Koha Biblionumber 5732
Koha Biblioitemnumber 5732
001 - KONTROL NUMARASI
Denetim Alanı 23427
003 - KONTROL NUMARASI IDENTIFIER
Denetim Alanı MIRAKIL
005 - SON İŞLEM TARİHİ VE ZAMANI
Denetim Alanı 20191120102316.0
008 - SABİT-BOY VERİ ELEMANLARI - GENEL BİLGİLER
Sabit Uzunlukta Kontrol Alanı 170926b tu 000 0
020 ## - ULUSLARARASI STANDART KİTAP NUMARASI
Uluslararası Standart Kitap Numarası 9789756176894
040 ## - KATALOGLAMA KAYNAK
Orijinal Kataloglama Ajansı TR-AnCHP
Kataloglama Dili tur
Metne Dönüştürmek Ajansı TR-AnCHP
041 ## - DİL KODU
Metin / Ses Parça Veya Ayrı Başlığın Dil Kodu tur
082 ## - DEWEY ONLU SINIFLANDIRMA NUMARASI
Sınıflandırma Numarası 343.56104
Ürün Numarası M87v 2007
100 ## - ANA GİRİŞ - KİŞİSEL İSİM
Kişisel Ad Mutluer, M.Kamil
245 ## - BAŞLIK TABLOSU
Başlık Vergi özel hukuku/
Sorumluluk Tablosu, Vb M. Kamil Mutluer.
260 ## - YAYIN, DAĞITIM, VB
Yayın, Dağıtım, Vb Yeri İstanbul:
Yayıncı, Dağıtıcı, Vs Adı İstanbul Bilgi Üniversitesi,
Yayın, Dağıtım, Vb Tarihi 2007.
300 ## - FİZİKSEL TANIM
Kapsam 371 s.:
Boyutlar 23 sm.
440 ## - SERİSİ TABLOSU / KATMA GİRİŞİ - BAŞLIK
Başlık İstanbul Bilgi Üniversitesi Yayınları
Hacim / Ardışık Tanımı 168.
490 ## - SERİSİ TABLOSU
Seri Beyanı Hukuk;
Hacim / Ardışık Tanımı 10.
504 ## - KAYNAKÇA VB NOT
Kaynakça Vb Notu Kaynakça ve dizin var.
650 #0 - KONU KATMA GİRİŞ - TOPİKAL DÖNEM
9 (RLIN) 957
Topikal Süreli Veya Coğrafi Ad Giriş Elemanı Vergilendirme
Genel Alt Bölümü Hukuk ve mevzuat
Coğrafi Alt Bölümü Türkiye
650 #0 - KONU KATMA GİRİŞ - TOPİKAL DÖNEM
9 (RLIN) 6107
Topikal Süreli Veya Coğrafi Ad Giriş Elemanı Vergi hukuku
Genel Alt Bölümü Türkiye
942 ## - EKLENDİ GİRİŞ ELEMANLARI (KOHA)
Sınıflandırma Veya Raf Düzeni Kaynak Dewey Decimal Classification
Koha Öğesi Türü Books
Holdings
Kalıcı Konum Mevcut Konum Edinme Tarihi Edinim Kaynak Toplam Check-Out'Lar Tam Çağrı Numarası Barkod Tarih Son Görülme İtibaren Geçerli Fiyatlar Koha Öğesi Türü
CHP Kütüphanesi CHP Kütüphanesi 09/26/2017 Bağış   343.56104 M87v 2007 017411 09/26/2017 09/26/2017 Books